000 00510nam a2200169 i 4500
001 35057
003 ES-MaACL
005 20230906155039.0
007 t|
008 030211s1971 sp ||||1| spa d
100 1 _aBorrás Vidaola, Enrique.
_930563
245 1 0 _aInstantáneas, impensadas, sugeridas, eternales /
_cE. Borrás Vidaola.
260 _a[Madrid :
_bs.n.,
_c1971] (
_fImp. P. López)
300 _a54 p. ;
_c18 cm.
852 _aES-MaACL
_jC-42893
_bR.81913
852 _aES-MaACL
_jC-43257
_bR.79540
999 _c35057
_d35057